<?xml version="1.0" encoding="UTF-8"?>
<record
    xmlns:xsi="http://www.w3.org/2001/XMLSchema-instance"
    xsi:schemaLocation="http://www.loc.gov/MARC21/slim http://www.loc.gov/standards/marcxml/schema/MARC21slim.xsd"
    xmlns="http://www.loc.gov/MARC21/slim">

  <leader>01714nam a22003137a 4500</leader>
  <controlfield tag="003">DO-SdBNP</controlfield>
  <controlfield tag="005">20240412074308.0</controlfield>
  <controlfield tag="007">ta</controlfield>
  <controlfield tag="008">210514b 2019 dr  ap    00| 0 eng d</controlfield>
  <datafield tag="020" ind1=" " ind2=" ">
    <subfield code="a">9789945169751</subfield>
  </datafield>
  <datafield tag="040" ind1=" " ind2=" ">
    <subfield code="a">DO-SdBNP</subfield>
    <subfield code="b">spa </subfield>
    <subfield code="c">BNPHU </subfield>
  </datafield>
  <datafield tag="082" ind1=" " ind2="4">
    <subfield code="a">RD861.5 </subfield>
    <subfield code="b">B533a</subfield>
    <subfield code="2">22</subfield>
  </datafield>
  <datafield tag="100" ind1="1" ind2=" ">
    <subfield code="a">Berrido, Ofelia</subfield>
    <subfield code="9">24626</subfield>
  </datafield>
  <datafield tag="245" ind1="1" ind2="0">
    <subfield code="a">Anacaona : </subfield>
    <subfield code="b">poes&#xED;a /</subfield>
    <subfield code="c">Ofelia Berrido ; pr&#xF3;logo Jos&#xE9;  Enrique Delmonte ;  cuidado de la edici&#xF3;n Jos&#xE9; Enrique Garc&#xED;a.</subfield>
  </datafield>
  <datafield tag="260" ind1=" " ind2=" ">
    <subfield code="a">Santo Domingo : </subfield>
    <subfield code="b">Ministerio de Medio Ambiente y Recursos Naturales,</subfield>
    <subfield code="c">2019.</subfield>
  </datafield>
  <datafield tag="300" ind1=" " ind2=" ">
    <subfield code="a">257 p. : </subfield>
    <subfield code="b">il., retrs. ; </subfield>
    <subfield code="c">24 cm. </subfield>
  </datafield>
  <datafield tag="490" ind1="1" ind2=" ">
    <subfield code="a">Interior bodega ;</subfield>
    <subfield code="v">10</subfield>
  </datafield>
  <datafield tag="500" ind1=" " ind2=" ">
    <subfield code="a">Incluye datos biogr&#xE1;ficos de la autora en la  p&#xE1;gina 257</subfield>
  </datafield>
  <datafield tag="505" ind1="0" ind2=" ">
    <subfield code="a">Prefacio /</subfield>
    <subfield code="r">Mar&#xED;a Teresa Ruiz de Catrain --</subfield>
    <subfield code="t">Pr&#xF3;logo / </subfield>
    <subfield code="r">Jos&#xE9; Enrique Delmonte --</subfield>
    <subfield code="t">Sobre el relato visual / </subfield>
    <subfield code="r">Mayra Johnson --</subfield>
    <subfield code="t">Fragmentos /</subfield>
    <subfield code="r">Juan de los Santos --</subfield>
    <subfield code="t">Fragmentos /</subfield>
    <subfield code="r">Alejandra Olivier --</subfield>
    <subfield code="t">Fragmentos /</subfield>
    <subfield code="r">Jiny Elena Ramos --</subfield>
    <subfield code="t">Fragmentos /</subfield>
    <subfield code="r">Carmen In&#xE9;s Bencosme --</subfield>
    <subfield code="t">Fragmentos /</subfield>
    <subfield code="r">Parmelia Matos --</subfield>
    <subfield code="t">Fragmentos /</subfield>
    <subfield code="r">Dennise Morales Pou --</subfield>
    <subfield code="t">Fragmentos /</subfield>
    <subfield code="r">Pedro Genaro Rodr&#xED;guez --</subfield>
    <subfield code="t">Fragmentos /</subfield>
    <subfield code="r"> Parmelia Matos --</subfield>
    <subfield code="t">Anacaona [poes&#xED;a completa] --</subfield>
    <subfield code="t">Ep&#xED;logo --</subfield>
    <subfield code="r">Pura Emeterio Rond&#xF3;n (EPD)</subfield>
    <subfield code="t">Biograf&#xED;as de los fot&#xF3;grafos --</subfield>
    <subfield code="t">Sobre la autora.</subfield>
  </datafield>
  <datafield tag="590" ind1=" " ind2=" ">
    <subfield code="a">Inventariado, 2021 /LP
</subfield>
  </datafield>
  <datafield tag="590" ind1=" " ind2=" ">
    <subfield code="a">La biblioteca posee 1 ejemplar autografiado por la autora.</subfield>
  </datafield>
  <datafield tag="650" ind1=" " ind2="4">
    <subfield code="9">66</subfield>
    <subfield code="a">Poes&#xED;a dominicana</subfield>
  </datafield>
  <datafield tag="650" ind1=" " ind2="0">
    <subfield code="a">Literatura dominicana.</subfield>
    <subfield code="9">67</subfield>
  </datafield>
  <datafield tag="700" ind1="1" ind2=" ">
    <subfield code="a">Delmonte, Jos&#xE9; Enrique,</subfield>
    <subfield code="e">pr&#xF3;l.</subfield>
    <subfield code="9">78588</subfield>
  </datafield>
  <datafield tag="700" ind1="1" ind2=" ">
    <subfield code="a">Garc&#xED;a, Jos&#xE9; Enrique,</subfield>
    <subfield code="d">1948-</subfield>
    <subfield code="e">ed.</subfield>
    <subfield code="9">22487</subfield>
  </datafield>
  <datafield tag="830" ind1=" " ind2="0">
    <subfield code="a">Interior bodega</subfield>
    <subfield code="n">10</subfield>
    <subfield code="9">78589</subfield>
  </datafield>
  <datafield tag="910" ind1=" " ind2=" ">
    <subfield code="a">LoP&#xE9;rez.Validado. Control de calidad. MAA</subfield>
  </datafield>
  <datafield tag="942" ind1=" " ind2=" ">
    <subfield code="2">ddc</subfield>
    <subfield code="c">LBS1</subfield>
  </datafield>
  <datafield tag="952" ind1=" " ind2=" ">
    <subfield code="0">0</subfield>
    <subfield code="1">0</subfield>
    <subfield code="2">ddc</subfield>
    <subfield code="5">3</subfield>
    <subfield code="7">0</subfield>
    <subfield code="8">PD</subfield>
    <subfield code="a">BNPHU</subfield>
    <subfield code="b">BNPHU</subfield>
    <subfield code="c">HD</subfield>
    <subfield code="d">2021-05-14</subfield>
    <subfield code="e">Dep&#xF3;sito Legal </subfield>
    <subfield code="o">BNPHU PD RD861.44 B533a</subfield>
    <subfield code="p">2021-1717</subfield>
    <subfield code="r">2021-05-14</subfield>
    <subfield code="w">2021-05-14</subfield>
    <subfield code="y">LBS1</subfield>
  </datafield>
  <datafield tag="952" ind1=" " ind2=" ">
    <subfield code="0">0</subfield>
    <subfield code="1">0</subfield>
    <subfield code="2">ddc</subfield>
    <subfield code="5">3</subfield>
    <subfield code="7">0</subfield>
    <subfield code="8">PD</subfield>
    <subfield code="a">BNPHU</subfield>
    <subfield code="b">BNPHU</subfield>
    <subfield code="c">HD</subfield>
    <subfield code="d">2021-05-14</subfield>
    <subfield code="e">Dep&#xF3;sito Legal </subfield>
    <subfield code="o">BNPHU PD RD861.44  B533a</subfield>
    <subfield code="p">2021-1718</subfield>
    <subfield code="r">2021-05-14</subfield>
    <subfield code="t">e. 2</subfield>
    <subfield code="w">2021-05-14</subfield>
    <subfield code="y">LBS1</subfield>
  </datafield>
  <datafield tag="952" ind1=" " ind2=" ">
    <subfield code="0">0</subfield>
    <subfield code="1">0</subfield>
    <subfield code="2">ddc</subfield>
    <subfield code="5">6</subfield>
    <subfield code="7">0</subfield>
    <subfield code="8">DS</subfield>
    <subfield code="a">BNPHU</subfield>
    <subfield code="b">BNPHU</subfield>
    <subfield code="c">HD</subfield>
    <subfield code="d">2021-05-14</subfield>
    <subfield code="e">Dep&#xF3;sito Legal </subfield>
    <subfield code="o">BNPHU DS RD861.44 B533a</subfield>
    <subfield code="p">2021-1719</subfield>
    <subfield code="r">2021-05-14</subfield>
    <subfield code="t">e. 3</subfield>
    <subfield code="w">2021-05-14</subfield>
    <subfield code="y">LBS1</subfield>
  </datafield>
  <datafield tag="999" ind1=" " ind2=" ">
    <subfield code="c">49813</subfield>
    <subfield code="d">49813</subfield>
  </datafield>
</record>
